000 00333nam a2200133Ia 4500
005 20251222155157.0
008 251222s9999||||xx |||||||||||||| ||spa||
082 _aMEQ. 33.2
100 _aTORO, Ricardo (*)
245 0 _aPsiquiatria
250 _a2da. ed.
264 _bCIB
942 _cLIB
999 _c39778
_d39778